00426 2200145 4500001002100000008004100021035002000062245008500082100001900167260003100186300002000217082001100237650001900248990001300267INLIS000000000000648 ind  a0010-0322000648 aAKHLAK ANAK ISLAM UNTUK MENUMBUHKAN AKHLAK ISLAMI SESUAI AJARAN RASULULLAHcIKHA aGIBRAN MAULANA aSURABAYAbCV CAHAYA AGENCY a32 hlm.c27 cm. a297.51 aAKHLAK - ISLAM a102868-1